Geboren in Paderborn - Statistiken

Allgemein
  • Dieses Quiz wurde 64 mal gespielt
    43 seit der letzten Aktualisierung
  • Das Durchschnittsergebnis liegt bei 3 aus 12
Antwortstatistiken
Hinweis Antwort % Korrekt
Computerpionier, Unternehmer und Gründer von Nixdorf Computer 1925 Heinz Nixdorf
87%
Fußballnationaltorwart, VfB Stuttgart (ausgeliehen vom FC Bayern) 1996 Alexander Nübel
61%
Generalsekretär der CDU seit 2023 1977 Carsten Linnemann
53%
Fußballtrainer der deutschen U21-Nationalmannschaft 1979 Antonio Di Salvo
37%
Moderatorin und von 2005 bis 2024 Sprecherin der "Tagesschau" 1976 Judith Rakers
32%
Fußballtrainer, Eintracht Braunschweig (früher Bielefeld und Osnabrück) 1983 Daniel Scherning
29%
Fernsehmoderator, "Galileo" 1975 Stefan Gödde
18%
Komiker, "Harald Schmidt Show" "Neo Magazin Royale" 1964 Ralf Kabelka
8%
Apotheker und Entdecker des Morphins 1783 Friedrich Sertürner
5%
Regisseur, "Rubinrot"-Trilogie 1975 Felix Fuchssteiner
0%
Regisseurin, "Lindenberg! Mach dein Ding" "Tom Sawyer" "Die weiße Massai" 1957 Hermine Huntgeburth
0%
Biologe und Dopingexperte, trug maßgeblich zur Aufdeckung des Dopingsystems in der DDR bei 1940 Werner Franke
0%
Keine übereinstimmenden Quizze gefunden
Verteilung der Resultate
Anzahl Personen mit jedem Resultat
Perzentil nach korrekt beantworteten Fragen
Ihre Resultats-Entwicklung
Sie haben dieses Quiz seit der letzten Aktualisierung nicht gespielt